Top 15 des pays avec les décès de Covid-19 - 6 octobre - Statistiques

Statistiques générales
  • Ce quiz a été pris 50 fois
  • Le résultat moyen est 11 sur 20
Statistiques - réponses
pays % Correct
Etats-Unis
98%
France
94%
Italie
78%
Russie
78%
Espagne
73%
Mexique
73%
Brésil
69%
Inde
69%
Royaume-Uni
65%
Argentine
61%
Belgique
49%
Chili
43%
Colombie
43%
Suède
39%
Pérou
29%
Afrique du Sud
22%
Équateur
22%
Iran
22%
Bolivie
18%
Panama
18%
Aucun quiz correspondant
Distribution des résultats
% des personnes avec chaque résultat
Percentile par nombre de réponses
Votre historique - résultats
Vous n’avez pas pris ce quiz